000 00469nam a2200157Ia 4500
008 100122s9999 xx 000 0 und d
082 _b73060
_a928
100 _aगोडबोले अरुण
245 _aसिनेमाचे दिवस
250 _a1
260 _bकौशिक प्रकाशन
_c2007
300 _a286
630 _aसिनेमाचे दिवस
730 _aसिनेमाचे दिवस
942 _cBOOK
999 _c389023
_d389020